00643nam a2200205 a 4500001000500000005001700005008004100022020001800063050001700081100002300098245007200121260003200193300002600225440001700251500001900268520008000287650002200367650002600389650002200415259120140414131912.0040118s19uu xx 00 eng d a0-590-46192-3 aERbW62 1993 aChristensen, Nancy aWho am I /cNancy Christensen ; illustrated by Rowan Barnes-Murphy. aU.S.A :bScholastic,c1993. a1 v. p . : ill. ; cm. aHello reader a[TR/PS (2628)] aRhyming text provides clues about the nature of the animal who is speaking. aAnimalsxFiction. aLiterary recreations. aStories in rhyme.